Eastern Utah Libraries Catalog: Duchesne, Heber, Roosevelt, & Vernal

The edge of the sea / (Record no. 411126)

MARC details
000 -LEADER
fixed length control field 02469cam a2200373 i 4500
001 - CONTROL NUMBER
control field sky311420107
003 - CONTROL NUMBER IDENTIFIER
control field SKY
005 - DATE AND TIME OF LATEST TRANSACTION
control field 20250825172428.0
008 - FIXED-LENGTH DATA ELEMENTS--GENERAL INFORMATION
fixed length control field 240819s2025 nyuab e 001 0 eng d
020 ## - INTERNATIONAL STANDARD BOOK NUMBER
International Standard Book Number 9780063415485
Qualifying information (paperback)
020 ## - INTERNATIONAL STANDARD BOOK NUMBER
International Standard Book Number 0063415488
Qualifying information (paperback)
040 ## - CATALOGING SOURCE
Original cataloging agency JTO
Language of cataloging eng
Description conventions rda
Transcribing agency JTO
Modifying agency OCLCO
-- OCLCQ
-- SFR
-- CoBPL
082 04 - DEWEY DECIMAL CLASSIFICATION NUMBER
Classification number 578.7699
Edition number 23
092 ## - LOCALLY ASSIGNED DEWEY CALL NUMBER (OCLC)
Classification number general nonfiction
Item number 578.76 Carson, Rachel
100 1# - MAIN ENTRY--PERSONAL NAME
Personal name Carson, Rachel,
Dates associated with a name 1907-1964,
Relator term author.
245 14 - TITLE STATEMENT
Title The edge of the sea /
Statement of responsibility, etc Rachel Carson ; with illustrations by Bob Hines and a new foreword by Sy Montgomery.
250 ## - EDITION STATEMENT
Edition statement First Mariner Classics edition.
264 #1 - Production, Publication, Distribution, Manufacture, and Copyright Notice.
Place of production, publication, distribution, manufacture New York :
Name of producer, publisher, distributor, manufacturer Mariner Classics,
Date of production, publication, distribution, manufacture, or copyr 2025.
300 ## - PHYSICAL DESCRIPTION
Extent xxv, 336 pages :
Other physical details illustrations, maps ;
Dimensions 21 cm.
336 ## - Content Type
Content type term text
336 ## - Content Type
Content type term still image
336 ## - Content Type
Content type term cartographic image
337 ## - Media type
Media type term unmediated
338 ## - Carrier type
Carrier type term volume
500 ## - GENERAL NOTE
General note "Parts of this book first appeared in The New Yorker. Originally published in 1955 by Houghton Mifflin Harcourt"--Copyright page.
500 ## - GENERAL NOTE
General note Includes index.
505 0# - FORMATTED CONTENTS NOTE
Formatted contents note The marginal world -- Patterns of shore life -- The rocky shores -- The rim of sand -- The coral coast -- The enduring sea -- Appendix. Classification.
520 ## - SUMMARY, ETC.
Summary, etc "In this remarkable book, Rachel Carson explores the strange and beautiful places at the edge of the sea, leading us into unknown worlds to catch the evanescent beauty of a tide pool and tell the story of a grain of sand. Focusing on the plants and invertebrates surviving in the Atlantic zones between the lowest and the highest tides, between Newfoundland and the Florida Keys, The Edge of the Sea is divided into three main sections: The Rocky Shore, The Rim of Sand, The Coral Coast. These environments are found the world over but because of its configuration in geological history, the American Atlantic coast demonstrates their life patterns 'almost with the clarity of a well conceived scientific experiment.' With poetry and science she transforms the seemingly simple animal and plant life in the sea into complex and stunningly beautiful creatures deserving of our compassion, understanding, and finally, protection"--
650 #0 - SUBJECT ADDED ENTRY--TOPICAL TERM
Topical term or geographic name as entry element Seashore biology.
650 #0 - SUBJECT ADDED ENTRY--TOPICAL TERM
Topical term or geographic name as entry element Marine animals.
700 1# - ADDED ENTRY--PERSONAL NAME
Personal name Hines, Bob,
Relator term illustrator.
9 (RLIN) 6551319
700 1# - ADDED ENTRY--PERSONAL NAME
Personal name Montgomery, Sy,
Relator term writer of foreword.
9 (RLIN) 34776
942 ## - ADDED ENTRY ELEMENTS (KOHA)
Source of classification or shelving scheme Dewey Decimal Classification
Koha item type BOOK
Holdings
Withdrawn status Lost status Source of classification or shelving scheme Damaged status Not for loan Collection code Home library Current library Shelving location Date acquired Source of acquisition Total Checkouts Total Renewals Full call number Barcode Date last seen Date checked out Cost, replacement price Price effective from Koha item type
    Dewey Decimal Classification     General NonFiction Wasatch County Library Wasatch County Library Second Floor 08/25/2025 Ingram 2 1 578.76 Carson 34301002100180 03/03/2026 09/10/2025 18.99 08/25/2025 BOOK
This project was made possible through a grant from the Institute of Museum and Library Service administered by the Utah State Library Division.

Wasatch County Library

  • 465 East 1200 South, Heber City, Utah 84032
  • Phone 435-654-1511 | Fax 435-654-6456

Hours

  • Monday - Friday 9:30 AM - 8:00 PM
  • Saturday 9:30 AM - 1:30 PM
  • Closed Sundays and Holidays